00406nam a2200133Ia 4500008004100000082001700041100001700058245004400075260001800119600001200137942000700149952009900156999001700255241002s9999 xx 000 0 und d a954.0491 TIN aTinker, Hugh 0aIndia and Pakistan A Political Analysis aLondon:c1967 aHistory cUC 00104070aUITUbUITUd1994-01-01l0o954.0491 TINpUC56r2024-10-02 09:31:07w2024-10-02yUC c18383d18383